[Event "Championnat de France Juniors"]
[Site "MONTBELIARD"]
[Date "2014.04.20"]
[Round "1.6"]
[White "Monpeurt, Cyrielle"]
[Black "Lecland, Elodie"]
[Result "0-1"]
[WhiteElo "2028"]
[BlackElo "1691"]
[PlyCount "49"]
[EventDate "2014.??.??"]

1. e4 d5 2. exd5 Qxd5 3. Nc3 Qa5 4. d4 Nf6 5. Nf3 Bg4 6. h3 Bxf3 7. Qxf3 c6 8.
Bd2 Nbd7 9. Bc4 e6 10. O-O Be7 11. Rfe1 O-O 12. Rad1 Qd8 13. Ne2 Re8 14. Nf4
Rc8 15. b4 Nd5 16. a3 N7f6 17. Nd3 Nd7 18. Bb3 Bd6 19. c4 N5f6 20. Ne5 h6 21.
Bf4 Bc7 22. Bc2 Nxe5 23. dxe5 Nd7 24. Qd3 Nf6 25. Qg3 0-1

[Event "Championnat de France Juniors"]
[Site "MONTBELIARD"]
[Date "2014.04.20"]
[Round "1.7"]
[White "Lebret, Loriane"]
[Black "Afraoui, Solenn"]
[Result "1-0"]
[WhiteElo "1686"]
[BlackElo "2012"]
[PlyCount "89"]
[EventDate "2014.??.??"]

1. e4 c5 2. c3 Nf6 3. e5 Nd5 4. d4 cxd4 5. cxd4 Nc6 6. Nf3 d6 7. Bc4 Nb6 8. Bb3
d5 9. Nc3 Bg4 10. Be3 e6 11. O-O Be7 12. h3 Bh5 13. Qe2 O-O 14. Rac1 Rc8 15.
Na4 f5 16. exf6 Rxf6 17. g4 Nxa4 18. Bxa4 Bg6 19. Bg5 Rf7 20. Qxe6 Kh8 21. Bxc6
bxc6 22. Ne5 Bxg5 23. Nxf7+ Bxf7 24. Qxf7 Bxc1 25. Rxc1 Qd6 26. Qxa7 Rf8 27.
Qa5 Qf4 28. Qe1 Qxd4 29. Rxc6 Qxb2 30. a4 Qa3 31. Qc3 Qxa4 32. Rc8 Qd1+ 33. Kg2
Kg8 34. Rc7 d4 35. Qc4+ Kh8 36. Qd5 Qd2 37. Rf7 Rg8 38. Rd7 h6 39. Qxd4 Qa5 40.
f4 Qe1 41. Qd2 Qe4+ 42. Kg3 Qh1 43. Qd1 Qe4 44. Qd2 Qh1 45. Qd1 1-0

[Event "Championnat de France Juniors"]
[Site "MONTBELIARD"]
[Date "2014.04.20"]
[Round "1.8"]
[White "Griggio, Julie"]
[Black "Haddad, Samia"]
[Result "1/2-1/2"]
[WhiteElo "1847"]
[BlackElo "1637"]
[PlyCount "57"]
[EventDate "2014.??.??"]

1. e4 e6 2. d4 d5 3. e5 c5 4. c3 cxd4 5. cxd4 Bb4+ 6. Nc3 Nc6 7. Nf3 Nge7 8. a3
Bxc3+ 9. bxc3 O-O 10. Bd3 Ng6 11. O-O a6 12. a4 Na5 13. Qc2 Bd7 14. Bg5 Qc7 15.
h4 Rfc8 16. Rfc1 Nc4 17. h5 Nf8 18. h6 gxh6 19. Bxh6 Ng6 20. Bg5 Kf8 21. Nh4
Bc6 22. Nxg6+ hxg6 23. Bf6 Ke8 24. g3 Rab8 25. Kg2 Ra8 26. Rh1 Rab8 27. Rhc1
Ra8 28. Rh1 Rab8 29. Rhc1 1/2-1/2

[Event "Championnat de France Juniors"]
[Site "MONTBELIARD"]
[Date "2014.04.20"]
[Round "1.9"]
[White "Haller, Noemie"]
[Black "Gennesseaux, Gabrielle"]
[Result "0-1"]
[WhiteElo "1631"]
[BlackElo "1799"]
[PlyCount "160"]
[EventDate "2014.??.??"]

1. Nf3 d5 2. g3 c5 3. Bg2 Nf6 4. d3 Nc6 5. O-O e6 6. Re1 Be7 7. Bf4 Nh5 8. Bc1
Nf6 9. Nbd2 Qc7 10. e4 b6 11. exd5 Nxd5 12. Nc4 O-O 13. Nce5 Nxe5 14. Nxe5 Bb7
15. a3 Rad8 16. Qf3 Ba8 17. Qe2 Qc8 18. Bh3 Nc7 19. Qf1 Nb5 20. c3 Nd6 21. Bf4
b5 22. b4 cxb4 23. cxb4 Bf6 24. Rac1 Qa6 25. Bg2 Nf5 26. Bxa8 Bxe5 27. Bxe5
Rxa8 28. Bb2 Rfd8 29. Qe2 Qd6 30. Red1 Nd4 31. Qg4 Qd5 32. Bxd4 Qxd4 33. Qxd4
Rxd4 34. Rc5 a6 35. Rc6 Kf8 36. Kf1 a5 37. bxa5 Rxa5 38. Rc3 Rda4 39. Rb1 Rxa3
40. Rxa3 Rxa3 41. Rxb5 Rxd3 42. Rb7 Ke8 43. Ke2 Rd7 44. Rb8+ Ke7 45. Rh8 h6 46.
Rg8 Kf6 47. h4 Rd5 48. g4 Kg6 49. f3 f5 50. g5 hxg5 51. hxg5 f4 52. Re8 Re5+
53. Kf2 Kxg5 54. Rg8 Kg6 55. Rf8 Rf5 56. Re8 Kf7 57. Ra8 g5 58. Ra4 Rd5 59. Kg2
Kf6 60. Kh3 Kf5 61. Ra8 Rd3 62. Rf8+ Kg6 63. Kg4 Rd5 64. Re8 Kf7 65. Ra8 Rc5
66. Ra7+ Kf6 67. Ra8 Rd5 68. Rg8 Rf5 69. Rf8+ Kg6 70. Rg8+ Kh6 71. Re8 Re5 72.
Rg8 Re1 73. Rh8+ Kg7 74. Re8 Rg1+ 75. Kh5 Kf7 76. Ra8 Rg3 77. Ra5 Kf6 78. Ra3
Kf5 79. Ra5+ e5 80. Ra8 Rh3# 0-1

[Event "Championnat de France Juniors"]
[Site "MONTBELIARD"]
[Date "2014.04.20"]
[Round "1.10"]
[White "Colin, Phanie"]
[Black "Soriano, Manon"]
[Result "0-1"]
[WhiteElo "1745"]
[BlackElo "1615"]
[PlyCount "74"]
[EventDate "2014.??.??"]

1. e4 c5 2. Nc3 Nc6 3. d3 d6 4. g3 e6 5. Bg2 Nge7 6. Be3 Ng6 7. f4 Be7 8. Nge2
O-O 9. O-O f5 10. exf5 Rxf5 11. Bh3 Rf7 12. Ne4 h6 13. Qc1 Qf8 14. d4 b6 15.
Bg2 d5 16. N4c3 b5 17. Nxd5 exd5 18. Bxd5 Bd7 19. Bxf7+ Qxf7 20. dxc5 Bh3 21.
Rf2 Rd8 22. c3 h5 23. Nd4 Qd5 24. Qc2 Nxd4 25. cxd4 Qc6 26. Re1 Nf8 27. Bd2 Bf6
28. Bc3 Bxd4 29. Bxd4 Rxd4 30. Rfe2 Rc4 31. Qd2 Qxc5+ 32. Kh1 Bg4 33. Rf2 Ne6
34. Qe3 Qb4 35. Qe5 Rc8 36. h3 Bxh3 37. Qxh5 Qxe1+ 0-1

[Event "Championnat de France Juniors"]
[Site "MONTBELIARD"]
[Date "2014.04.21"]
[Round "2.6"]
[White "Soriano, Manon"]
[Black "Monpeurt, Cyrielle"]
[Result "0-1"]
[WhiteElo "1615"]
[BlackElo "2028"]
[PlyCount "108"]
[EventDate "2014.??.??"]

1. e4 c5 2. Nc3 Nc6 3. Nf3 Nf6 4. Bc4 e6 5. d4 cxd4 6. Nxd4 Qc7 7. Ncb5 Qb8 8.
Qe2 a6 9. Nxc6 bxc6 10. Nd4 Qe5 11. Nb3 Qxe4 12. Qxe4 Nxe4 13. Be3 d5 14. Be2
Be7 15. c3 O-O 16. f3 Nf6 17. g4 Nd7 18. h4 a5 19. g5 a4 20. Nd2 Ba6 21. Bxa6
Rxa6 22. Ke2 c5 23. b3 Rfa8 24. b4 cxb4 25. cxb4 Bxb4 26. Rab1 Bxd2 27. Kxd2
Ne5 28. Ke2 Rc6 29. Rhc1 Rxc1 30. Bxc1 Nc4 31. f4 a3 32. Rb3 Kf8 33. Kd3 h6 34.
Kd4 hxg5 35. hxg5 Ra7 36. Kc5 Ke7 37. Kd4 Kd6 38. Rh3 Kc6 39. Rh7 g6 40. Rh3
Ra4 41. Rc3 Kd6 42. Kd3 Nb2+ 43. Kc2 d4 44. Rc8 Rc4+ 45. Rxc4 Nxc4 46. Kb3 Kd5
47. Kb4 d3 48. Kc3 d2 49. Bxd2 Nxd2 50. Kxd2 Ke4 51. Kc3 Kxf4 52. Kb3 e5 53.
Kxa3 e4 54. Kb2 e3 0-1

[Event "Championnat de France Juniors"]
[Site "MONTBELIARD"]
[Date "2014.04.21"]
[Round "2.7"]
[White "Gennesseaux, Gabrielle"]
[Black "Sonet, Laury"]
[Result "1-0"]
[WhiteElo "1799"]
[BlackElo "1280"]
[PlyCount "37"]
[EventDate "2014.??.??"]

1. e4 e5 2. Nf3 d6 3. d4 Nd7 4. Bc4 Be7 5. dxe5 Nxe5 6. Nxe5 dxe5 7. Qh5 g6 8.
Qxe5 Nf6 9. Bg5 O-O 10. Nc3 Ng4 11. Qxe7 Qxe7 12. Bxe7 Re8 13. Bh4 Ne5 14. Bb3
c6 15. O-O b5 16. f4 Nd7 17. e5 b4 18. Ne4 Nf8 19. Nf6+ 1-0

[Event "Championnat de France Juniors"]
[Site "MONTBELIARD"]
[Date "2014.04.21"]
[Round "2.8"]
[White "Afraoui, Solenn"]
[Black "Griggio, Julie"]
[Result "0-1"]
[WhiteElo "2012"]
[BlackElo "1847"]
[PlyCount "85"]
[EventDate "2014.??.??"]

1. e4 e6 2. d4 d5 3. Nc3 Bb4 4. e5 c5 5. a3 Bxc3+ 6. bxc3 Ne7 7. Qg4 Ng6 8. Bd3
c4 9. Be2 Nc6 10. Qg3 Qa5 11. Bd2 Nce7 12. f3 Bd7 13. Nh3 Ba4 14. Ra2 Nf5 15.
Qf2 h5 16. O-O h4 17. Ng5 Ke7 18. f4 f6 19. exf6+ gxf6 20. Nh3 Rag8 21. Bg4 Nh6
22. Bxe6 Kxe6 23. f5+ Kd7 24. fxg6 Rxg6 25. Bxh6 Rhxh6 26. Qf5+ Kd6 27. Nf4 Bd7
28. Qxg6 Rxg6 29. Nxg6 Qxc3 30. Nf4 h3 31. Ne2 Qe3+ 32. Rf2 hxg2 33. Ra1 Bg4
34. Nf4 Bf3 35. Nxg2 Qxd4 36. Raf1 Bxg2 37. Kxg2 Qg4+ 38. Kh1 Qe4+ 39. Kg1 Qg4+
40. Kh1 Qe4+ 41. Kg1 Qg4+ 42. Kh1 Qe4+ 43. Kg1 0-1

[Event "Championnat de France Juniors"]
[Site "MONTBELIARD"]
[Date "2014.04.21"]
[Round "2.9"]
[White "Haddad, Samia"]
[Black "Lebret, Loriane"]
[Result "1/2-1/2"]
[WhiteElo "1637"]
[BlackElo "1686"]
[PlyCount "120"]
[EventDate "2014.??.??"]

1. d4 g6 2. Nf3 Bg7 3. Bg5 d5 4. e3 Nf6 5. Bxf6 Bxf6 6. c4 c6 7. Qb3 O-O 8. Nc3
e6 9. h4 Nd7 10. h5 Nb6 11. hxg6 fxg6 12. c5 Nd7 13. Bd3 e5 14. O-O-O e4 15.
Bxe4 Bg7 16. Bxd5+ cxd5 17. Qxd5+ Rf7 18. Ng5 Qe7 19. Qxf7+ Qxf7 20. Nxf7 Kxf7
21. Rxh7 Nf6 22. Rhh1 Bf5 23. f3 Bd7 24. g4 Bc6 25. d5 Bd7 26. e4 Ng8 27. Rd3
Rc8 28. b4 a5 29. a3 Ke7 30. e5 axb4 31. axb4 Ra8 32. Rh7 Kf8 33. Kc2 Be8 34.
e6 Nf6 35. Rh1 g5 36. Kb2 Bg6 37. Rd2 Ne8 38. Kb3 Nc7 39. Re1 Re8 40. Kc4 Bh7
41. Nb5 Nxb5 42. Rh1 Na3+ 43. Kb3 Nb1 44. Rdh2 Bg6 45. Rh8+ Bxh8 46. Rxh8+ Ke7
47. Rxe8+ Bxe8 48. Kc2 Na3+ 49. Kd3 Nb5 50. Ke4 Nc3+ 51. Ke5 Nxd5 52. Kxd5 Bc6+
53. Ke5 Bxf3 54. Kf5 Be2 55. Kxg5 Kxe6 56. Kf4 Bxg4 57. Kxg4 Kd5 58. Kf5 Kc6
59. Ke6 b6 60. cxb6 Kxb6 1/2-1/2

[Event "Championnat de France Juniors"]
[Site "MONTBELIARD"]
[Date "2014.04.21"]
[Round "2.10"]
[White "Lecland, Elodie"]
[Black "Colin, Phanie"]
[Result "0-1"]
[WhiteElo "1691"]
[BlackElo "1745"]
[PlyCount "84"]
[EventDate "2014.??.??"]

1. e4 c5 2. Nf3 d6 3. Bb5+ Nc6 4. O-O Bd7 5. Re1 a6 6. Bxc6 Bxc6 7. c3 Nf6 8.
d4 Bxe4 9. Bg5 Bg6 10. Bxf6 gxf6 11. d5 Qd7 12. Nbd2 b5 13. b4 c4 14. a4 Qb7
15. Ne4 Bxe4 16. Rxe4 e5 17. Nh4 Rg8 18. Qf3 Be7 19. Ree1 Rg5 20. Nf5 Qd7 21.
Nxe7 Kxe7 22. axb5 Qxb5 23. Ra5 Qd7 24. Rea1 Qf5 25. Qxf5 Rxf5 26. f3 Kd7 27.
Rxa6 Rxa6 28. Rxa6 e4 29. fxe4 Re5 30. Rc6 Rxe4 31. Kf2 Re5 32. Kf3 Rxd5 33.
Rxc4 h5 34. Ke3 Rg5 35. g3 Re5+ 36. Re4 d5 37. Rxe5 fxe5 38. Kd3 Kc6 39. c4 e4+
40. Kd4 dxc4 41. Kxe4 Kb5 42. Kd4 Kxb4 0-1

[Event "Championnat de France Juniors"]
[Site "MONTBELIARD"]
[Date "2014.04.21"]
[Round "3.6"]
[White "Monpeurt, Cyrielle"]
[Black "Gennesseaux, Gabrielle"]
[Result "1-0"]
[WhiteElo "2028"]
[BlackElo "1799"]
[PlyCount "89"]
[EventDate "2014.??.??"]

1. e4 e6 2. d4 d5 3. Nc3 Bb4 4. e5 c5 5. a3 Bxc3+ 6. bxc3 Qa5 7. Bd2 Qa4 8. Qb1
c4 9. Nh3 Nc6 10. Be2 Nge7 11. O-O Bd7 12. Nf4 O-O-O 13. Qb2 b6 14. Nh3 f6 15.
f4 f5 16. Nf2 h6 17. Nd1 Rdg8 18. Qc1 Nd8 19. Nb2 Qa5 20. a4 Nf7 21. Nd1 g5 22.
Qb1 gxf4 23. Bxf4 Ng6 24. Bc1 Nh4 25. g3 Ng6 26. Bh5 Ng5 27. Ba3 f4 28. Bb4 Qa6
29. Nf2 fxg3 30. hxg3 Rg7 31. Kh2 Rhg8 32. Qe1 Be8 33. Ng4 Ne7 34. Bxe8 Rxe8
35. Nf6 Rh8 36. Nh5 Rgh7 37. Rf6 Nf5 38. Qe2 Qb7 39. g4 Ng7 40. Raf1 Nxh5 41.
gxh5 Qg7 42. a5 Rg8 43. Rg6 Qh8 44. Rxg8+ Qxg8 45. Rf8+ 1-0

[Event "Championnat de France Juniors"]
[Site "MONTBELIARD"]
[Date "2014.04.21"]
[Round "3.7"]
[White "Sonet, Laury"]
[Black "Afraoui, Solenn"]
[Result "0-1"]
[WhiteElo "1280"]
[BlackElo "2012"]
[PlyCount "61"]
[EventDate "2014.??.??"]

1. d4 Nf6 2. c4 c5 3. Nf3 cxd4 4. Nxd4 e5 5. Nb3 d5 6. e3 Nc6 7. Nc3 Be6 8.
cxd5 Nxd5 9. e4 Ndb4 10. Be3 Qxd1+ 11. Rxd1 Nc2+ 12. Kd2 Nxe3 13. Kxe3 Bxb3 14.
axb3 Bc5+ 15. Ke2 Nd4+ 16. Ke1 O-O 17. Bc4 Rad8 18. Nd5 b5 19. b4 Nc2+ 20. Kf1
Nxb4 21. Bxb5 Nxd5 22. exd5 Rb8 23. Bc4 Rxb2 24. Be2 Rd8 25. g3 g6 26. Kg2 Rxe2
27. Rhf1 Bd4 28. Kf3 Rb2 29. Kg2 Rxd5 30. Rde1 Rc5 31. Rh1 0-1

[Event "Championnat de France Juniors"]
[Site "MONTBELIARD"]
[Date "2014.04.21"]
[Round "3.8"]
[White "Griggio, Julie"]
[Black "Haller, Noemie"]
[Result "1-0"]
[WhiteElo "1847"]
[BlackElo "1631"]
[PlyCount "138"]
[EventDate "2014.??.??"]

1. e4 e6 2. d4 d5 3. e5 c5 4. c3 Nc6 5. Nf3 Qb6 6. a3 Nh6 7. b4 cxd4 8. cxd4
Nf5 9. Be3 f6 10. exf6 gxf6 11. Nc3 Nxe3 12. fxe3 Bh6 13. Qd3 Bd7 14. Be2 O-O
15. O-O Ne7 16. Kh1 Rac8 17. e4 Bc6 18. e5 fxe5 19. Nxe5 Rxf1+ 20. Rxf1 Nf5 21.
Rxf5 exf5 22. Qxf5 Rf8 23. Qe6+ Kg7 24. Qe7+ Kg8 25. Bd3 Bg7 26. Qe6+ Kh8 27.
Qh3 h6 28. Ng6+ Kg8 29. Nxf8 Kxf8 30. Qf5+ Ke7 31. Nxd5+ Bxd5 32. Qxd5 Qxd4 33.
Qxb7+ Kd6 34. Qb8+ Ke7 35. Qc7+ Kf6 36. Qc6+ Ke7 37. Qe4+ Kd6 38. Qxd4+ Bxd4
39. a4 Bc3 40. b5 Kc5 41. g4 Bd2 42. Kg2 Kd4 43. Bf5 Ke3 44. Kg3 Be1+ 45. Kh3
Kf4 46. Bd7 Kg5 47. Kg2 Ba5 48. Kf3 Kf6 49. Ke4 Be1 50. Kd5 Ke7 51. Kc6 Ba5 52.
Bf5 Bb6 53. Kb7 Kd6 54. h4 Ke5 55. a5 Bf2 56. b6 axb6 57. a6 b5 58. a7 Bxa7 59.
Kxa7 b4 60. h5 Kf4 61. Kb7 b3 62. Kc7 b2 63. Kd6 b1=Q 64. Bxb1 Kxg4 65. Bg6 Kf4
66. Ke6 Kg4 67. Kf6 Kf4 68. Kg7 Kg5 69. Kh7 Kf6 1-0

[Event "Championnat de France Juniors"]
[Site "MONTBELIARD"]
[Date "2014.04.21"]
[Round "3.9"]
[White "Colin, Phanie"]
[Black "Haddad, Samia"]
[Result "0-1"]
[WhiteElo "1745"]
[BlackElo "1637"]
[PlyCount "109"]
[EventDate "2014.??.??"]

1. e4 e6 2. d3 d5 3. Qe2 d4 4. g3 c5 5. Bg2 Qb6 6. Nf3 Nc6 7. O-O a5 8. Re1 Be7
9. Nbd2 h5 10. h4 Bd7 11. e5 Qc7 12. a3 Nh6 13. Nf1 Ng4 14. N1h2 Nxh2 15. Kxh2
Qb6 16. Rb1 a4 17. Bf4 Ra5 18. c4 dxc3 19. bxc3 Rb5 20. Qc2 Rxb1 21. Rxb1 Qa7
22. Nd2 b5 23. Kg1 Na5 24. Ne4 O-O 25. Qe2 g6 26. Nf6+ Kg7 27. Qe3 Rh8 28. Bg5
Nb3 29. Nxh5+ Kf8 30. Bxe7+ Kxe7 31. Qg5+ Kf8 32. Qd8+ Be8 33. Nf6 Qe7 34.
Qxe8+ Qxe8 35. Nxe8 Kxe8 36. Bc6+ Ke7 37. Bxb5 Ra8 38. Bxa4 Nd2 39. Rb7+ Kf8
40. Bc6 Rxa3 41. Rb2 Nb3 42. Be4 Nc1 43. Rc2 Rxc3 44. Rxc3 Ne2+ 45. Kg2 Nxc3
46. Kf3 Nb5 47. Ke3 Nd4 48. Kd2 Ke8 49. Kc3 Kd7 50. Kc4 Nc6 51. Bxc6+ Kxc6 52.
g4 Kd7 53. Kxc5 Ke7 54. h5 Kf8 55. Kd6 0-1

[Event "Championnat de France Juniors"]
[Site "MONTBELIARD"]
[Date "2014.04.21"]
[Round "3.10"]
[White "Lebret, Loriane"]
[Black "Soriano, Manon"]
[Result "0-1"]
[WhiteElo "1686"]
[BlackElo "1615"]
[PlyCount "50"]
[EventDate "2014.??.??"]

1. e4 c5 2. c3 d5 3. exd5 Qxd5 4. d4 g6 5. Nf3 Bg7 6. Be3 cxd4 7. cxd4 Nh6 8.
Nc3 Qa5 9. Be2 O-O 10. O-O e6 11. Rc1 Nc6 12. a3 Nf5 13. Bc4 Rd8 14. Ne2 b5 15.
Bxe6 Bxe6 16. Rxc6 Bd5 17. Rc1 Bxf3 18. gxf3 Qa6 19. Qd3 Qf6 20. Rfd1 Re8 21.
f4 Qh4 22. Ng3 Qg4 23. Re1 Nh4 24. Red1 Qh3 25. Qf1 Nf3+ 0-1

[Event "Championnat de France Juniors"]
[Site "MONTBELIARD"]
[Date "2014.04.22"]
[Round "4.6"]
[White "Afraoui, Solenn"]
[Black "Monpeurt, Cyrielle"]
[Result "1-0"]
[WhiteElo "2012"]
[BlackElo "2028"]
[PlyCount "237"]
[EventDate "2014.??.??"]

1. d4 d5 2. c4 c6 3. Nc3 Nf6 4. Nf3 dxc4 5. a4 Bg4 6. Ne5 Bh5 7. Nxc4 e6 8. h3
Nbd7 9. g4 Bg6 10. Bf4 Nb6 11. Ne5 Nbd5 12. Bd2 Bd6 13. Nxg6 hxg6 14. Nxd5 exd5
15. Bg2 Qe7 16. Bg5 Qe6 17. Bxf6 Bb4+ 18. Kf1 Qxf6 19. a5 Be7 20. Qa4 O-O 21.
Bf3 Rfe8 22. Kg2 Qd6 23. Qc2 Rac8 24. Qd2 Bf6 25. h4 c5 26. dxc5 Qxc5 27. Rac1
Qe7 28. Qxd5 Rcd8 29. Qb3 Bxh4 30. Rh3 g5 31. Bd5 Qd7 32. Bf3 Qd4 33. e3 Qf6
34. Rc2 Re7 35. Rh1 Red7 36. Qb4 Qe6 37. Rhc1 Rd6 38. Qxb7 Rd2 39. Rxd2 Rxd2
40. Qc8+ Qxc8 41. Rxc8+ Kh7 42. Be4+ g6 43. Rc2 Rd1 44. a6 Ra1 45. Bb7 Ra2 46.
Kf3 Kg7 47. e4 Kf6 48. Bc8 Ke5 49. Rc5+ Kd6 50. Rc2 Ra4 51. Bb7 Ra2 52. Bd5
Rxa6 53. Bxf7 Kd7 54. Bd5 Rf6+ 55. Ke3 Rf4 56. Bb7 Rf6 57. Bd5 Rf4 58. Bb7 Rf6
59. b3 Rb6 60. Bd5 Ra6 61. Bc4 Ra1 62. Rd2+ Ke7 63. e5 Re1+ 64. Be2 Ke6 65. Ra2
Kxe5 66. Rxa7 Rb1 67. Ra5+ Kd6 68. Bc4 Re1+ 69. Kf3 Rb1 70. Rd5+ Kc6 71. Rd2
Kc5 72. Bf7 Kc6 73. Ke4 Re1+ 74. Kf3 Rb1 75. Bc4 Kc5 76. Ke3 Re1+ 77. Kf3 Rb1
78. Ra2 Kd6 79. Ra6+ Kc5 80. Ra2 Kd6 81. Kg2 Ke5 82. Re2+ Kf6 83. Re6+ Kg7 84.
Rxg6+ Kxg6 85. Bd3+ Kf6 86. Bxb1 Ke5 87. Kf3 Kd4 88. Bf5 Kc3 89. Be6 Kb4 90.
Ke3 Kc5 91. f4 gxf4+ 92. Kxf4 Kd6 93. Bf7 Bd8 94. b4 Ke7 95. Bd5 Kd6 96. Be4
Ke6 97. b5 Bc7+ 98. Kg5 Ke5 99. Bc6 Bd8+ 100. Kg6 Kf4 101. Bd7 Ke5 102. Kf7 Kf4
103. Ke8 Bb6 104. Bf5 Ke5 105. Kd7 Kd5 106. Kc8 Be3 107. Kb7 Kc5 108. Bd7 Kd6
109. Bc6 Bg5 110. Be4 Bd8 111. Kc8 Ba5 112. g5 Kc5 113. g6 Bc3 114. Bc6 Kd6
115. Kb7 Bf6 116. b6 Bd4 117. Ba4 Ke6 118. Kc7 Be5+ 119. Kc8 1-0

[Event "Championnat de France Juniors"]
[Site "MONTBELIARD"]
[Date "2014.04.22"]
[Round "4.7"]
[White "Soriano, Manon"]
[Black "Griggio, Julie"]
[Result "0-1"]
[WhiteElo "1615"]
[BlackElo "1847"]
[PlyCount "116"]
[EventDate "2014.??.??"]

1. e4 e6 2. b3 d5 3. Bb2 c5 4. exd5 exd5 5. Bb5+ Bd7 6. Qe2+ Qe7 7. Bxd7+ Nxd7
8. Qxe7+ Nxe7 9. Nc3 O-O-O 10. Nb5 Nc6 11. O-O-O a6 12. Nc3 d4 13. Ne4 Re8 14.
d3 f5 15. Nd2 g6 16. Kb1 Nf6 17. Nh3 Bh6 18. Nc4 Kc7 19. Bc1 Bxc1 20. Rxc1 b5
21. Nd2 Re2 22. Nf3 Ng4 23. Nfg1 Rxf2 24. Nxf2 Nxf2 25. Ne2 Nxh1 26. Rxh1 Re8
27. Re1 Nb4 28. a3 Nd5 29. Kc1 Nf4 30. Kd2 Nxg2 31. Rg1 Nh4 32. Rg3 g5 33. Rh3
Kd6 34. c3 Kd5 35. c4+ bxc4 36. dxc4+ Ke5 37. b4 cxb4 38. axb4 Rb8 39. Rb3 g4
40. Kd3 Nf3 41. c5 Nxh2 42. c6 Nf3 43. b5 axb5 44. c7 Rc8 45. Rxb5+ Kf6 46. Ng3
Rxc7 47. Rxf5+ Kg6 48. Rd5 Rf7 49. Ne2 h5 50. Rd6+ Rf6 51. Rd5 h4 52. Rd8 h3
53. Ng3 Rf7 54. Rd6+ Kg5 55. Ne4+ Kf4 56. Nf2 Kg3 57. Ne4+ Kg2 58. Rg6 Ne5+ 0-1

[Event "Championnat de France Juniors"]
[Site "MONTBELIARD"]
[Date "2014.04.22"]
[Round "4.8"]
[White "Gennesseaux, Gabrielle"]
[Black "Colin, Phanie"]
[Result "0-1"]
[WhiteElo "1799"]
[BlackElo "1745"]
[PlyCount "52"]
[EventDate "2014.??.??"]

1. e4 c5 2. Nf3 d6 3. Bb5+ Bd7 4. Bxd7+ Qxd7 5. O-O Nc6 6. Qe2 Nf6 7. Rd1 e6 8.
d4 cxd4 9. Nxd4 Be7 10. c4 O-O 11. Nc3 a6 12. Be3 Qc7 13. Rac1 Qa5 14. Nxc6
bxc6 15. b3 Rfd8 16. f3 d5 17. Na4 dxe4 18. Rf1 Qh5 19. Qc2 exf3 20. Rxf3 Ng4
21. Bf4 Bd6 22. Bxd6 Rxd6 23. Rh3 Qg6 24. Qe2 Nf6 25. Nc5 Qg4 26. Qe3 Rd1+ 0-1

[Event "Championnat de France Juniors"]
[Site "MONTBELIARD"]
[Date "2014.04.22"]
[Round "4.9"]
[White "Haller, Noemie"]
[Black "Lecland, Elodie"]
[Result "1-0"]
[WhiteElo "1631"]
[BlackElo "1691"]
[PlyCount "97"]
[EventDate "2014.??.??"]

1. e4 d5 2. exd5 Qxd5 3. Nc3 Qa5 4. d4 Nf6 5. Nf3 Bg4 6. h3 Bxf3 7. Qxf3 c6 8.
Bd3 e6 9. O-O Be7 10. Bf4 O-O 11. Ne4 Nbd7 12. Rfe1 Rfe8 13. Nd6 Bxd6 14. Bxd6
Qb6 15. c3 c5 16. Qf4 cxd4 17. cxd4 Nd5 18. Qg3 Qxd4 19. Bb5 N5f6 20. Be5 Nxe5
21. Bxe8 Rxe8 22. Qxe5 Qxe5 23. Rxe5 Nd5 24. Rc1 Kf8 25. Re4 Re7 26. Rc8+ Re8
27. Rec4 b6 28. Kf1 Rxc8 29. Rxc8+ Ke7 30. a3 a5 31. g3 h6 32. Ke2 Kf6 33. Kd3
Ke5 34. f3 Kf5 35. Kd4 g5 36. Rh8 Kg6 37. Ke5 Kg7 38. Rd8 Ne3 39. Rd4 Kg6 40.
g4 Kg7 41. Ke4 Nd5 42. Rxd5 exd5+ 43. Kxd5 a4 44. Kc6 f5 45. Kxb6 Kg6 46. Kb5
fxg4 47. fxg4 h5 48. Kxa4 hxg4 49. hxg4 1-0

[Event "Championnat de France Juniors"]
[Site "MONTBELIARD"]
[Date "2014.04.22"]
[Round "4.10"]
[White "Haddad, Samia"]
[Black "Sonet, Laury"]
[Result "1-0"]
[WhiteElo "1637"]
[BlackElo "1280"]
[PlyCount "74"]
[EventDate "2014.??.??"]

1. d4 d5 2. Nf3 e6 3. Bg5 Nf6 4. Bxf6 Qxf6 5. e3 Bb4+ 6. c3 Bd6 7. Be2 Nd7 8.
Qb3 O-O 9. g4 c5 10. g5 Qg6 11. Rg1 f6 12. Nh4 Qe8 13. g6 h6 14. Rg2 Nb6 15.
Qc2 Bd7 16. b3 cxd4 17. exd4 Rc8 18. Nf3 e5 19. Nbd2 Qe7 20. a4 exd4 21. Nxd4
Bc5 22. Nf5 Bxf5 23. Qxf5 Rfe8 24. Qh5 Rc6 25. Ra2 Re6 26. Nf1 d4 27. cxd4 Bb4+
28. Kd1 Rd8 29. a5 Rxd4+ 30. Kc1 Qc7+ 31. Rc2 Ba3+ 32. Kb1 Rc6 33. axb6 axb6
34. Qf5 Rb4 35. Qd5+ Re6 36. Qxe6+ Kf8 37. Rxc7 Rxb3+ 1-0

[Event "Championnat de France Juniors"]
[Site "MONTBELIARD"]
[Date "2014.04.23"]
[Round "5.7"]
[White "Colin, Phanie"]
[Black "Afraoui, Solenn"]
[Result "0-1"]
[WhiteElo "1745"]
[BlackElo "2012"]
[PlyCount "94"]
[EventDate "2014.??.??"]

1. e4 c5 2. Nf3 d6 3. d4 cxd4 4. Nxd4 Nf6 5. Nc3 g6 6. h3 Bg7 7. Bc4 Nc6 8. Be3
O-O 9. Bb3 Bd7 10. O-O Nxd4 11. Bxd4 Bc6 12. e5 dxe5 13. Bxe5 Qa5 14. Qe2 Rfd8
15. Rad1 Rac8 16. Rfe1 b5 17. Bxf6 Bxf6 18. Nd5 Bxd5 19. Rxd5 Rxd5 20. Bxd5
Rxc2 21. Qe4 Rxb2 22. Rc1 Qb6 23. Rc2 Rxc2 24. Qxc2 Bd4 25. g4 Kg7 26. Kg2 a5
27. Qe2 Qc5 28. Qf3 e6 29. Be4 b4 30. h4 a4 31. h5 f5 32. hxg6 hxg6 33. gxf5
exf5 34. Bb1 Kf6 35. Qa8 Bxf2 36. Qh8+ Ke6 37. Qe8+ Kf6 38. Qh8+ Kg5 39. Qd8+
Kf4 40. Qb8+ Kg4 41. Qb7 Bd4 42. Qf3+ Kg5 43. Qg3+ Kf6 44. Qf3 Qc3 45. Bd3 Qd2+
46. Kh3 Qxa2 47. Qc6+ Qe6 0-1

[Event "Championnat de France Juniors"]
[Site "MONTBELIARD"]
[Date "2014.04.23"]
[Round "5.8"]
[White "Gennesseaux, Gabrielle"]
[Black "Lebret, Loriane"]
[Result "1-0"]
[WhiteElo "1799"]
[BlackElo "1686"]
[PlyCount "79"]
[EventDate "2014.??.??"]

1. e4 e5 2. Nf3 Nc6 3. Bb5 Nge7 4. O-O g6 5. c3 a6 6. Ba4 Bg7 7. d4 exd4 8.
cxd4 b5 9. Bc2 d6 10. h3 O-O 11. Bg5 h6 12. Be3 Bb7 13. Qd2 Kh7 14. Nc3 Na5 15.
b3 c5 16. Rac1 Rc8 17. Ne2 c4 18. h4 Ng8 19. h5 Nf6 20. hxg6+ fxg6 21. Nf4 Nxe4
22. Bxe4 Bxe4 23. Ne6 Nxb3 24. axb3 Qf6 25. Neg5+ hxg5 26. Nxg5+ Kg8 27. Nxe4
Qe6 28. Ng5 Qg4 29. bxc4 bxc4 30. Qd1 Qf5 31. Qc2 Qf6 32. d5 Rfe8 33. Ne6 a5
34. Bd4 Qf7 35. Bxg7 Rxe6 36. dxe6 Qxg7 37. Qa4 d5 38. Rfe1 Qe7 39. Qd7 Re8 40.
Qxd5 1-0

[Event "Championnat de France Juniors"]
[Site "MONTBELIARD"]
[Date "2014.04.23"]
[Round "5.9"]
[White "Haddad, Samia"]
[Black "Haller, Noemie"]
[Result "1-0"]
[WhiteElo "1637"]
[BlackElo "1631"]
[PlyCount "83"]
[EventDate "2014.??.??"]

1. d4 d5 2. Nf3 Nc6 3. Bg5 h6 4. Bh4 Nf6 5. Bxf6 gxf6 6. e3 Bg4 7. Be2 e6 8. c4
Rg8 9. Qa4 Be7 10. Nc3 dxc4 11. Qxc4 Bb4 12. a3 Bxc3+ 13. bxc3 Qd6 14. a4 a6
15. Rb1 Bf5 16. Rd1 Be4 17. g3 Qa3 18. Rg1 Bc2 19. Rd2 Qxa4 20. Qxa4 Bxa4 21.
Ra2 Bb3 22. Ra3 Bd5 23. Nd2 Ne7 24. c4 Bc6 25. Nb3 O-O-O 26. Nc5 Nf5 27. Bh5
Nd6 28. Be2 Ne4 29. Nb3 Ng5 30. Rf1 Nf3+ 31. Bxf3 Bxf3 32. Nc5 e5 33. d5 Rd6
34. e4 Rb6 35. Rxf3 Rb1+ 36. Ke2 Rb2+ 37. Ke3 b6 38. Nd3 Rb3 39. Rxf6 a5 40.
Ra1 Kb7 41. Kd2 h5 42. Kc2 1-0

[Event "Championnat de France Juniors"]
[Site "MONTBELIARD"]
[Date "2014.04.23"]
[Round "5.10"]
[White "Sonet, Laury"]
[Black "Lecland, Elodie"]
[Result "0-1"]
[WhiteElo "1280"]
[BlackElo "1691"]
[PlyCount "74"]
[EventDate "2014.??.??"]

1. d4 Nf6 2. c4 c5 3. Nf3 cxd4 4. Nxd4 e5 5. Nc2 d5 6. e3 Nc6 7. cxd5 Nxd5 8.
Nc3 Nxc3 9. Qxd8+ Kxd8 10. bxc3 Be6 11. e4 Bc5 12. Be3 Bd6 13. Be2 Ke7 14. a3
Rhc8 15. O-O Na5 16. Rab1 Rxc3 17. Nb4 Bxb4 18. axb4 Nc6 19. Rfd1 Rb3 20. b5
Rxb1 21. Rxb1 Na5 22. Bd2 Nb3 23. Bb4+ Ke8 24. Bd1 Nd4 25. Bd6 f6 26. Ba4 b6
27. h3 Ne2+ 28. Kh2 Nc3 29. Rb4 Kd7 30. Bxe5 fxe5 31. g4 Ne2 32. Rb2 Nf4 33.
Bd1 Rc8 34. Rd2+ Ke7 35. Kg3 Rc3+ 36. Bf3 Bc4 37. Ra2 Bxa2 0-1